Dr who general knowledge - Statistics

General Stats
  • This quiz has been taken 255 times
  • The average score is 5 of 7
Answer Stats
Hint Answer % Correct
The Doctor's ship. TARDIS
96%
The Time lords' homeworld. Gallifrey
90%
The Doctor's metal friend. K-9
88%
10th Doctor actor. David Tennant
85%
Rose's mother's name. Jackie
75%
The first companion ever. Susan
49%
First ever episode name. An unearthly child
33%
No matching quizzes found
Score Distribution
Percent of People with Each Score
Percentile by Number Answered
Your Score History
You have not taken this quiz